Základem je výchova. Trh a ekologie.

Nevyhnutnou podmienkou pôsobenia trhu na životné prostredie je reflektovanie vzácnosti prírodných zdrojov a jej vtelenie do ceny, vybudovanie ekologických preferencií na trhu spotrebiteľov, ekologická uvedomelosť, dostatok prostriedkov, ekologické investície a ekologická politika štátu.

Gespeichert in:
Bibliographische Detailangaben
1. Verfasser: Červenková, A.
Format: Buchkapitel
Sprache:Tschechisch
Schlagworte:
Tags: Tag hinzufügen
Keine Tags, Fügen Sie das erste Tag hinzu!

MARC

LEADER 00000naa a2200000 4500
001 r004201
005 20221125080324.8
041 0 |a cze 
044 |a [CS] 
245 1 0 |a Základem je výchova.  |b Trh a ekologie.  |c A. Červenková 
520 |a Nevyhnutnou podmienkou pôsobenia trhu na životné prostredie je reflektovanie vzácnosti prírodných zdrojov a jej vtelenie do ceny, vybudovanie ekologických preferencií na trhu spotrebiteľov, ekologická uvedomelosť, dostatok prostriedkov, ekologické investície a ekologická politika štátu. 
610 2 0 |a trh 
610 2 0 |a ekológia 
610 2 0 |a zdroje prírodné 
610 2 0 |a investície 
610 2 0 |a ceny 
100 1 |a Červenková, A.